| 000 | 00880cam a2200253 a 4500 | ||
|---|---|---|---|
| 001 | 15768685 | ||
| 005 | 20180124032020.0 | ||
| 008 | 090609s2009 njua 000 0 eng d | ||
| 010 | _a 2009284208 | ||
| 020 | _a9780136006961 | ||
| 020 | _a0136006965 | ||
| 035 | _a(OCoLC)ocn263871747 | ||
| 040 |
_aXPG _cXPG _dYDXCP _dDLC |
||
| 041 | _aeng | ||
| 042 | _alccopycat | ||
| 080 | _a542 TRO | ||
| 082 | 0 | 0 |
_a542 TRO _222 |
| 100 | 1 | _a12 | |
| 101 | _aKIM | ||
| 245 | 1 | 0 |
_aLaboratory manual [to accompany] Chemistry, a molecular approach [by] Nivaldo J. Tro / _cJohn B. Vincent, Erica Livingston. |
| 906 |
_a7 _bcbc _ccopycat _d2 _encip _f20 _gy-gencatlg |
||
| 942 |
_2ddc _cBK |
||
| 999 |
_c40809 _d40809 |
||